000 01241nam a2200313Ia 4500
001 ebr10687676
003 CaPaEBR
006 m u
007 cr cn|||||||||
008 130306s2013 ne s 000 0 eng d
020 _z9789462090446
020 _z9789462090460
040 _aCaPaEBR
_cCaPaEBR
035 _a(OCoLC)829073422
050 1 4 _aLB2325
_b.C75 2013eb
245 0 0 _aCritical issues in higher education
_h[electronic resource] /
_cedited by Michael Kompf, Pamela M. Denicolo.
260 _aRotterdam ;
_aBoston :
_bSensePublishers,
_cc2013.
300 _axii, 268 p.
490 1 _aCritical issues in the future of learning and teaching ;
_vv.8
533 _aElectronic reproduction.
_bPalo Alto, Calif. :
_cebrary,
_d2013.
_nAvailable via World Wide Web.
_nAccess may be limited to ebrary affiliated libraries.
650 0 _aEducation, Higher.
650 0 _aEducation.
655 7 _aElectronic books.
_2local
700 1 _aKompf, Michael.
700 1 _aDenicolo, Pam.
710 2 _aebrary, Inc.
830 0 _aCritical issues in the future of learning and teaching ;
_vv.8.
856 4 0 _uhttp://site.ebrary.com/lib/rucke/Doc?id=10687676
_zAn electronic book accessible through the World Wide Web; click to view
999 _c11994
_d11994